Economía y la empresa /

Contenido: Economía: un enfoque empresarial; Clasificación empresarial; Teoría del consumidor; Teoría de la empresa: producción; Teoría de la empresa: costos; Teoría del mercado: oferta, demanda y precio; El mercado de factores productivos; El equilibrio de la empresa.

Gespeichert in:
Bibliographische Detailangaben
1. Verfasser: Méndez Morales, José Silvestre (autor)
Format: Buch
Sprache:Spanisch
Veröffentlicht: México : McGraw-Hill, 2002, c2002
Ausgabe:2a edición
Schlagworte:
Tags: Tag hinzufügen
Keine Tags, Fügen Sie das erste Tag hinzu!

MARC

LEADER 00000nam^a2200000^a^4500
001 000181948
005 20250521000000.0
009 20260310101950.381
020 |a 970-10-3417-1 
037 |a Acervo ITESO - Biblioteca 
041 |a ESP 
082 |a 338. 7  |b MEN 
100 |a Méndez Morales, José Silvestre  |e (autor) 
245 1 0 |a Economía y la empresa /  |c J.S. Méndez Morales. 
250 |a 2a edición 
264 4 |a México :  |b McGraw-Hill,  |c 2002, c2002 
300 |a XIX, 391 p. 
336 |a texto  |b txt  |2 rdacontenido 
337 |a sin mediación  |b n  |2 rdamedio 
338 |a volumen  |b nc  |2 rdasoporte 
520 |a Contenido: Economía: un enfoque empresarial; Clasificación empresarial; Teoría del consumidor; Teoría de la empresa: producción; Teoría de la empresa: costos; Teoría del mercado: oferta, demanda y precio; El mercado de factores productivos; El equilibrio de la empresa. 
649 |a XX 
650 |a Empresas 
650 |a Oferta y Demanda 
650 |a Consumo 
650 |a Mercado 
650 |a Producción Económica 
650 |a Administración 
650 |a Ciencias Administrativas 
650 |a Economía 
910 |a Fondo General 
920 |a Impresos - Libros 
930 |a Colección General 
905 |a 101 
901 |a 0500121930  |b IT1  |c ACC  |u 20250521 
902 |a https://opac.biblio.iteso.mx/vufind/Record/000181948